000 01043nam a2200277 a 4500
001 000024601
003 DO-SdBNP
005 20260317134731.0
008 110201s1991 dr 000 0 spa d
040 _aDO-SdBNP
_bspa
_cBNPHU
082 4 _a321.8
_bR173p
_222
100 1 _aRamírez Morillo, Belarminio,
_d1964-
_92520
245 1 0 _aEl populismo en la República Dominicana /
_cBelarminio Ramírez Morillo ; prólogo Danilo P. Clime.
260 _aSanto Domingo :
_bCumbre,
_c1991.
300 _a148 p. ;
_c22 cm.
500 _aIncluye datos biográficos del autor en las solapas de la cubierta.
500 _aIncluye bibliografía y notas al pie de páginas.
504 _aBibliografía : p. 143-148
590 _aInventariado, 2018/LP
650 7 _aPopulismo
_zRepública Dominicana
_97290
651 7 _aRepública Dominicana
_xPolítica y gobierno
_945
651 7 _aRepública Dominicana
_xClases sociales
_950446
700 1 _aClimé, Danilo P.
_epról.
_91063
910 _aValidado. Control de calidad EMS.
942 _2ddc
_cLBS1
999 _c24094
_d24094